[Event "BL2-Ost 1415"]
[Site "Germany"]
[Date "2014.11.08"]
[Round "3.7"]
[White "Raps, Johannes"]
[Black "Blaskowski, Johannes"]
[Result "1/2-1/2"]
[WhiteElo "2167"]
[BlackElo "2324"]
[PlyCount "63"]
[EventDate "2014.10.18"]
[EventType "team-tourn"]
[EventRounds "10"]
[EventCountry "GER"]
[SourceTitle "CBM 166 Extra"]
[Source "ChessBase"]
[SourceDate "2015.06.18"]
[SourceVersion "1"]
[SourceVersionDate "2015.06.18"]
[SourceQuality "1"]
[WhiteTeam "Bad Mergentheim"]
[BlackTeam "Rosenheim Pang"]
[WhiteTeamCountry "GER"]
[BlackTeamCountry "GER"]

1. d4 Nf6 2. c4 e6 3. Nc3 c5 4. Nf3 cxd4 5. Nxd4 Nc6 6. e3 Be7 7. Be2 0-0 8. 0-0 d5 9. cxd5 exd5 10. Bf3 Ne5 11. h3 Re8 12. b3 b6 13. Bb2 Bb7 14. Rc1 Rc8 15. Qe2 Ne4 16. Rfd1 Nxc3 17. Bxc3 Bf6 18. Qb2 Nxf3+ 19. Nxf3 Bxc3 20. Rxc3 Rxc3 21. Qxc3 Qd7 22. Rc1 Rc8 23. Qd2 h6 24. Nd4 Rc5 25. Rd1 Qe8 26. Qb4 Bc8 27. Qa3 Qe7 28. Rc1 Qc7 29. Rd1 Qe7 30. Qa4 a5 31. Qa3 Qg5 32. Kh2 1/2-1/2

[Event "BL2-Ost 1314"]
[Site "Germany"]
[Date "2014.01.18"]
[Round "9.5"]
[White "Loxine, Jakov"]
[Black "Blaskowski, Johannes"]
[Result "1-0"]
[WhiteElo "2414"]
[BlackElo "2309"]
[PlyCount "89"]
[EventDate "2013.10.12"]
[EventType "team-tourn"]
[EventRounds "10"]
[EventCountry "GER"]
[SourceTitle "EXT 2015"]
[Source "ChessBase"]
[SourceDate "2014.11.20"]
[SourceVersion "1"]
[SourceVersionDate "2014.11.20"]
[SourceQuality "1"]
[WhiteTeam "Dresden USV"]
[BlackTeam "Rosenheim Pang"]
[WhiteTeamCountry "GER"]
[BlackTeamCountry "GER"]

1. c4 g6 2. Nc3 Bg7 3. Nf3 d6 4. e4 c5 5. d4 cxd4 6. Nxd4 Nc6 7. Be3 Nf6 8. Be2 h5 9. f3 Bh6 10. Bxh6 Rxh6 11. Nxc6 bxc6 12. Qd2 Rh8 13. Rd1 Be6 14. b3 h4 15. f4 Qa5 16. h3 Nh5 17. Bxh5 Rxh5 18. 0-0 Qb4 19. Kh2 f6 20. Qd3 Bf7 21. Rfe1 Qa5 22. Ne2 Qc7 23. Nd4 Rd8 24. Qe3 Kf8 25. Nf3 d5 26. cxd5 cxd5 27. e5 Kg7 28. Kh1 Qa5 29. Nd4 Rc8 30. e6 Be8 31. a4 Rc3 32. Qd2 Qc7 33. Rc1 Rxc1 34. Rxc1 Qb8 35. Rc5 Kf8 36. Qc1 Rh8 37. Rc8 Qb6 38. Qc7 Qd6 39. Qxd6 exd6 40. Rc7 a6 41. Ra7 g5 42. fxg5 fxg5 43. Nf5 d4 44. Rg7 d3 45. e7# 1-0

[Event "BL2-Ost 1314"]
[Site "Germany"]
[Date "2013.11.24"]
[Round "6.7"]
[White "Schmitz, Thorsten"]
[Black "Blaskowski, Johannes"]
[Result "0-1"]
[WhiteElo "2322"]
[BlackElo "2309"]
[PlyCount "86"]
[EventDate "2013.10.12"]
[EventType "team-tourn"]
[EventRounds "10"]
[EventCountry "GER"]
[SourceTitle "EXT 2015"]
[Source "ChessBase"]
[SourceDate "2014.11.20"]
[SourceVersion "1"]
[SourceVersionDate "2014.11.20"]
[SourceQuality "1"]
[WhiteTeam "Garching"]
[BlackTeam "Rosenheim Pang"]
[WhiteTeamCountry "GER"]
[BlackTeamCountry "GER"]

1. c4 Nf6 2. g3 g6 3. Bg2 Bg7 4. Nc3 0-0 5. e4 d6 6. Nge2 c6 7. 0-0 e5 8. d3 Be6 9. h3 Qd7 10. Kh2 d5 11. exd5 cxd5 12. Qb3 d4 13. Qxb7 dxc3 14. Qxa8 e4 15. Nxc3 Nc6 16. Qxf8+ Kxf8 17. dxe4 Bxc4 18. Rd1 Qc8 19. f4 Nd7 20. e5 g5 21. Ne4 gxf4 22. Nd6 fxg3+ 23. Kh1 Qa6 24. Nxc4 Qxc4 25. Rxd7 Nxe5 26. Rd5 Nd3 27. Be3 Nf2+ 28. Bxf2 gxf2 29. Rad1 Bxb2 30. R5d2 Qa4 31. Bf3 Bd4 32. Kg2 Bb6 33. Bd5 Qf4 34. Rd3 Qg5+ 35. Rg3 f1Q+ 36. Rxf1 Qxd5+ 37. Rgf3 Qxa2+ 38. Kg3 Kg7 39. Kh4 Bd8+ 40. Kh5 Qe6 41. Rg1+ Kf8 42. Rfg3 Qf5+ 43. Kh6 Qf4+ 0-1

[Event "AUT-chT2W 1213"]
[Site "Austria"]
[Date "2013.01.13"]
[Round "8.2"]
[White "Blaskowski, Johannes"]
[Black "Panteleev, Petar"]
[Result "0-1"]
[WhiteElo "2312"]
[BlackElo "2306"]
[PlyCount "78"]
[EventDate "2012.10.05"]
[EventType "team-tourn"]
[EventRounds "11"]
[EventCountry "AUT"]
[SourceTitle "EXT 2014"]
[Source "ChessBase"]
[SourceDate "2013.11.20"]
[SourceVersion "1"]
[SourceVersionDate "2013.11.20"]
[SourceQuality "1"]
[WhiteTeam "Kufstein/Woergl"]
[BlackTeam "Mozart"]
[WhiteTeamCountry "AUT"]
[BlackTeamCountry "AUT"]

1. e4 e5 2. Nf3 Nc6 3. Bc4 Bc5 4. c3 Nf6 5. d4 exd4 6. cxd4 Bb4+ 7. Nc3 Nxe4 8. 0-0 Bxc3 9. d5 Ne5 10. Qe2 0-0 11. bxc3 Nxc4 12. Qxe4 Nd6 13. Qd3 Qf6 14. Re1 Qg6 15. Qd4 f6 16. c4 b6 17. c5 Nf5 18. Qc4 d6 19. c6 a5 20. Qe4 h5 21. Nd4 Kh7 22. Nb5 Rf7 23. Bf4 Ba6 24. a4 Bxb5 25. axb5 Nh4 26. Bg3 Qxe4 27. Rxe4 Nf5 28. f3 Re7 29. Bf2 Re5 30. Rd1 Rae8 31. Rde1 g5 32. Kf1 Kg6 33. Rc1 Kf7 34. Rxe5 Rxe5 35. Bxb6 cxb6 36. c7 Ne7 37. c8Q Nxc8 38. Rxc8 Rxd5 39. Rc6 Rxb5 0-1

[Event "AUT-chT2W 1112"]
[Site "Austria"]
[Date "2012.03.10"]
[Round "10.3"]
[White "Heinzel, Olaf"]
[Black "Blaskowski, Johannes"]
[Result "1/2-1/2"]
[WhiteElo "2347"]
[BlackElo "2303"]
[PlyCount "133"]
[EventDate "2011.10.07"]
[EventType "team-tourn"]
[EventRounds "11"]
[EventCountry "AUT"]
[SourceTitle "EXT 2013"]
[Source "ChessBase"]
[SourceDate "2012.11.22"]
[SourceVersion "1"]
[SourceVersionDate "2012.11.22"]
[SourceQuality "1"]
[WhiteTeam "Rum Rochade"]
[BlackTeam "Kufstein/Woergl"]
[WhiteTeamCountry "AUT"]
[BlackTeamCountry "AUT"]

1. Nf3 c5 2. c4 Nf6 3. d4 cxd4 4. Nxd4 g6 5. Nc3 Bg7 6. e4 0-0 7. Be2 Nc6 8. Be3 Nxd4 9. Bxd4 d6 10. 0-0 b6 11. f3 Bb7 12. a4 e6 13. a5 bxa5 14. Qd2 Bc6 15. Rfd1 Qc7 16. Nb5 Bxb5 17. cxb5 d5 18. Rdc1 Qd8 19. e5 Nd7 20. Qe3 Nb6 21. b3 Re8 22. f4 Bf8 23. Rc6 Bb4 24. Rac1 Rb8 25. g3 Rb7 26. Kg2 Qd7 27. R1c2 Rd8 28. Qc1 Qe7 29. h4 h5 30. Qd1 Kf8 31. Bxh5 gxh5 32. Qxh5 Ke8 33. f5 Kd7 34. Be3 Rg8 35. Rf2 Kd8 36. fxe6 fxe6 37. Bg5 Rxg5 38. hxg5 Qh7 39. Qxh7 Rxh7 40. Rxe6 Rg7 41. g6 Kd7 42. Ref6 Ke8 43. Kf3 d4 44. Ke4 Nd7 45. Re6+ Kd8 46. Rc6 d3 47. Rf3 Nc5+ 48. Rxc5 Bxc5 49. Rxd3+ Ke8 50. Rc3 Bb4 51. Rc8+ Kd7 52. Rc6 Kd8 53. Kf5 Rb7 54. Ra6 Ke7 55. b6 Rxb6 56. Rxa7+ Kf8 57. g4 Bc3 58. Rc7 Bb2 59. Rc5 Rxb3 60. Rxa5 Rf3+ 61. Ke4 Rf1 62. Rb5 Re1+ 63. Kf5 Rf1+ 64. Ke6 Bc3 65. Rc5 Bb2 66. Rb5 Bc3 67. Rc5 1/2-1/2

[Event "AUT-chT2W 1112"]
[Site "Austria"]
[Date "2011.10.09"]
[Round "3.4"]
[White "Blaskowski, Johannes"]
[Black "Huber, David"]
[Result "1-0"]
[WhiteElo "2303"]
[BlackElo "2128"]
[PlyCount "61"]
[EventDate "2011.10.07"]
[EventType "team-tourn"]
[EventRounds "11"]
[EventCountry "AUT"]
[SourceTitle "CBM 144 Extra"]
[Source "ChessBase"]
[SourceDate "2011.10.28"]
[SourceVersion "1"]
[SourceVersionDate "2011.10.28"]
[SourceQuality "1"]
[WhiteTeam "Kufstein/Woergl"]
[BlackTeam "Schwarzach"]
[WhiteTeamCountry "AUT"]
[BlackTeamCountry "AUT"]

1. e4 Nc6 2. Nc3 d6 3. d4 Nf6 4. f4 Bg4 5. Be2 Bxe2 6. Ngxe2 d5 7. e5 Ng4 8. Ng3 h5 9. h3 Nh6 10. Qxh5 Nxd4 11. Qd1 c5 12. Be3 Nhf5 13. Nxf5 Nxf5 14. Bxc5 e6 15. Bf2 d4 16. Ne2 Qa5+ 17. c3 dxc3 18. Nxc3 Bb4 19. 0-0 Bxc3 20. bxc3 0-0 21. Qb3 b6 22. Rad1 Rfd8 23. g4 Ne7 24. Bd4 g6 25. Qc2 Rac8 26. Qf2 Nd5 27. f5 exf5 28. gxf5 g5 29. Qg3 Kh7 30. Qg4 Nf4 31. e6 1-0

[Event "Oberliga Bayern 1011"]
[Site "Germany"]
[Date "2011.04.10"]
[Round "9.3"]
[White "Blaskowski, Johannes"]
[Black "Zach, Andreas"]
[Result "0-1"]
[WhiteElo "2270"]
[BlackElo "2303"]
[PlyCount "68"]
[EventDate "2010.10.10"]
[EventType "team-tourn"]
[EventRounds "9"]
[EventCountry "GER"]
[SourceTitle "EXT 2012"]
[Source "ChessBase"]
[SourceDate "2011.11.24"]
[SourceVersion "1"]
[SourceVersionDate "2011.11.24"]
[SourceQuality "1"]
[WhiteTeam "Pang/Rosenheim"]
[BlackTeam "Groebenzell"]
[WhiteTeamCountry "GER"]
[BlackTeamCountry "GER"]

1. e4 e6 2. d4 d5 3. exd5 exd5 4. Bd3 Nc6 5. c3 Bd6 6. Qf3 Nf6 7. h3 Qe7+ 8. Ne2 Ne4 9. Bf4 f5 10. Nd2 Be6 11. 0-0-0 0-0-0 12. Qe3 g5 13. Bxd6 Rxd6 14. Bxe4 dxe4 15. c4 Nb4 16. d5 Nd3+ 17. Kc2 Rb6 18. Rb1 Bd7 19. Nc1 Nc5 20. Ndb3 Ba4 21. Kd2 Nd7 22. c5 Ra6 23. Rd1 f4 24. Qc3 Re8 25. Ke1 e3 26. f3 g4 27. Nd3 gxh3 28. gxh3 Bb5 29. Ke2 Ne5 30. c6 Qh4 31. cxb7+ Kb8 32. Qe1 Qxh3 33. Qf1 Qxf1+ 34. Kxf1 Bxd3+ 0-1